00341nam a2200121Ia 4500008004100000041000800041082001700049100001800066245003800084260005200122300001400174700003100188220530s9999 xx 000 0 und d aeng a530:620bTHE aThejo Kalyani aEngineering PhysicsbSemester - I aNagpurbHimalaya publishing House Pvt Ltdc2013 a218 PbPB a Ugemuge Nilesh Dani A A